[Event "IECC M email"]
[Site "IECC email"]
[Date "2000.06.30"]
[Round "?"]
[White "Vogel, Trevor"]
[Black "Morello, Stefano"]
[Result "1-0"]
[WhiteElo "1000"]
[BlackElo "929"]
[PlyCount "55"]
[EventDate "2000.??.??"]
[EventType "tourn (corr)"]
[EventRounds "2"]
[SourceTitle "Corr 2008"]
[Source "ChessBase"]
[SourceDate "2008.06.24"]
[SourceVersion "1"]
[SourceVersionDate "2008.06.24"]
[SourceQuality "1"]

1. e4 e5 2. f4 exf4 3. Nf3 Nc6 4. d4 d5 5. exd5 Qxd5 6. Nc3 Qh5 7. Bxf4 Bb4 8. Qd2 Nf6 9. Bd3 0-0 10. 0-0 Bg4 11. a3 Bxc3 12. bxc3 Bxf3 13. Rxf3 Ng4 14. Rh3 Qxh3 15. gxh3 Nf6 16. Re1 Rae8 17. Rxe8 Rxe8 18. Bxc7 b6 19. Bb5 Rc8 20. Bf4 Ne7 21. c4 h6 22. Qe2 Ng6 23. Be5 Nxe5 24. Qxe5 Rd8 25. c3 Nd7 26. Bxd7 Rf8 27. c5 bxc5 28. dxc5 1-0